[Event "Corus-B"]
[Site "Wijk aan Zee"]
[Date "2004.01.22"]
[Round "10"]
[White "Nijboer, Friso"]
[Black "Lobron, Eric"]
[Result "1/2-1/2"]
[WhiteElo "2586"]
[BlackElo "2497"]
[Annotator "Ribli,Z"]
[PlyCount "83"]
[EventDate "2004.01.10"]
[EventType "tourn"]
[EventRounds "13"]
[EventCountry "NED"]
[EventCategory "13"]
[SourceTitle "CBM 099"]
[Source "ChessBase"]
[SourceDate "2004.03.30"]
[SourceVersion "1"]
[SourceVersionDate "2004.03.30"]
[SourceQuality "1"]

1. e4 c5 2. Nf3 e6 3. Nc3 Nc6 4. d4 cxd4 5. Nxd4 Qc7 6. Be3 {Großmeister
Nijboer spielt auch gerne die Variante 6.Be2.} a6 7. Qd2 Nf6 8. O-O-O Bb4 9. f3
Na5 {Dieser Springerzug wurde zuerst in der Partie Grischuk,A - Anand,V,
Bastia 2003, gespielt.} 10. Nb3 (10. Bf4 d6 11. Nb3 e5 12. Bg5 Be6 13. Kb1 Rc8
14. Qe3 b5 15. Bh4 Bxc3 16. Qxc3 Qxc3 17. bxc3 Nb7 18. Kb2 Nd7 {1/2-1/2
Grischuk,A-Anand,V/Bastia 2003/CBM 98 (38)}) (10. a3 Bxc3 11. Qxc3 Qxc3 12.
bxc3 d5 13. e5 Nd7 14. f4 b5 15. Nb3 Nc4 16. Bxc4 bxc4 17. Nc5 Rb8 18. Kd2 Rb5
19. Nxd7 Bxd7 20. a4 Rb8 21. Rb1 O-O {1/2-1/2 Topalov,V-Anand,V/Bastia 2003/
CBM 98 (33)}) 10... d5 11. e5 {Das ist die weiße - natürlich häusliche
Vorbereitung. Ich muss anmerken, dass in der erste Runde des Hauptturniers -
in Wijk aan Zee - Leko gegen Anand 11.Kb1 spielte.} (11. Kb1 Bxc3 12. bxc3 h6
13. Bf4 e5 14. Bxe5 Qxe5 15. Nxa5 Be6 16. Qd4 Qc7 17. e5 Nd7 18. Nb3 Qxe5 19.
c4 Qxd4 20. Nxd4 Nb6 21. Nxe6 fxe6 22. cxd5 Nxd5 23. Rd2 Rc8 {1/2-1/2 Leko,
P-Anand,V/Wijk aan Zee 2004/CBM 99 (23)}) 11... Nd7 (11... Qxe5 $2 12. Bf4 Qh5
(12... Qf5 13. g4 $18) 13. g4 $18) 12. Nxa5 (12. f4 b5 $15) (12. Kb1) 12...
Bxa5 (12... Qxa5 13. f4 b5 $13 (13... Bxc3 14. Qxc3 Qxa2 15. Bd3 $44)) 13. Bd4
(13. f4 b5 $15) 13... Bb6 {Schwarz hat Angst den e5-Bauern zu nehmen und
möchte den d4-Läufer tauschen.} (13... Nxe5 $5 14. Qe3 f6 15. f4 Bxc3 (15...
Ng4 16. Qg3 Nh6 17. Bd3 $44) 16. Bxc3 Nc4 (16... Ng6 17. g3 O-O 18. Bd3 $44)
17. Qg3 O-O 18. Bd3 $44 {Weiß hat das Läuferpaar und aktives Figurenspiel, was
Kompensation für den Bauern bietet.}) 14. Bxb6 (14. f4 O-O 15. Kb1 $14) 14...
Nxb6 {Wir haben eine Stellung, die typisch ist für die Französische
Verteidigung. Weiß hat Raumvorteil, aber die schwarze Zentrumstellung ist fest,
wobei der c8B passiv ist.} (14... Qxb6 15. f4 $14) 15. Qg5 $11 {Der Damezug
scheint mir ziemlich optimistisch, nach meiner Meinung wäre es besser, die
Entwicklung zu beenden.} (15. f4 O-O 16. Kb1 Bd7 17. Bd3 $14) 15... O-O 16. Rd4
{[%cal Gd4h4] Weiß bringt den Turm über die vierte Reihe ins Spiel.} Nd7 {
[%mdl 256] Mit dem Springerzug bringt Schwarz eine neue Figur in die
Verteidigung. Jetzt muss Weiß 17.f4 ziehen, wonach sein Turm auf d4 an Wirkung
einbüßt.} 17. f4 f6 $1 {Schwarz sprengt die Stellung, dieses Motiv ist auch
sehr typisch für die Französische Verteidigung..} (17... b5 18. Bd3 $14) (17...
Qb6 18. Rd2 $14) 18. exf6 Nxf6 19. Bd3 {Weiß hat eine gesunde Bauernstruktur
und einigen positionellen Druck auf den dunklen Feldern, aber die schwarze
Stellung ist fest.} Qb6 20. Ne2 Bd7 21. Rd1 Rac8 22. Qg3 (22. Qe5 Bb5 $11)
22... Rc5 (22... Bb5 $5) 23. Qe3 Rfc8 {[%cal Gc8c1] Schwarz hat keine konkrete
Drohungen, aber er hat gutes Figurenspiel am Damenflügel.} 24. h3 (24. Kb1)
24... Bb5 $1 {[%mdl 32] Auf diese Weise tauscht Schwarz seinen "schlechten"
Läufer.} 25. Nc3 (25. Kb1 Bxd3 26. R4xd3 $11) 25... Bxd3 26. R4xd3 Qc6 $15 {
[%cal Gc8c1] Schwarz hat starken positionellen Druck auf der c-Linie.} 27. Kb1
Rc4 (27... b5 28. Ne2 Ne4 (28... Rxc2 $2 29. Nd4 $16) 29. Nd4 $11) 28. Rd4 $6 {
Weiß möchte ein Paar Türme tauschen, was prinzipiell eine gute Idee ist, aber
der Turmzug bietet Schwarz gute Möglichkeiten, die Intiative zu erhalten.} (28.
Ne2) 28... Rxd4 $6 (28... Ne4 $1 {[%csl Rc3][%cal Rc8c2] Nach diesem Zug
verschafft sich Schwarz die Initiative.} 29. Rxc4 (29. Nxe4 $2 Rxd4 $19) 29...
Qxc4 30. Re1 Nxc3+ 31. Qxc3 Qxc3 32. bxc3 Kf7 $17) 29. Qxd4 b5 (29... Ne4 30.
Rd3 $15) 30. a3 a5 31. Re1 $11 {[%cal Ge1e6] Weiß verbessert seine
Turmstellung und kontrolliert den e6-Bauern.} b4 32. axb4 axb4 33. Qxb4 Ne4 {
[%csl Ge4] Nach dem Textzug Schwarz kann auf c3 tauschen, oder 34...Nd2+ und
35...Nc4 spielen.} (33... Ra8 34. g4 Qa6 35. Qa3 Qxa3 36. bxa3 Rxa3 37. Kb2 Ra6
$11) 34. Qd4 (34. Re3 Nd2+ 35. Kc1 Nc4 36. Rf3 Qa6 $44) 34... Kf7 35. f5 $1 {
Dieser Zug führt zu Vereinfachungen und zu gleichem Endspiel.} (35. Re3 Nd6 $44
{[%cal Gd6c4,Gd6f5]}) 35... Nxc3+ 36. Qxc3 Qxc3 37. fxe6+ Ke7 38. bxc3 Rxc3 {
Weiß hat einen Bauern mehr im Turmendspiel, aber Schwarz kann das
Gleichgewicht halten.} 39. Re5 (39. Kc1 Rg3 40. Re2 Rg6 $11) 39... Rg3 40. Rxd5
Rxg2 41. Re5 Rg6 42. c4 (42. c4 Rxe6 43. Rxe6+ Kxe6 44. Kc2 $11) 1/2-1/2

[Event "Corus-B"]
[Site "Wijk aan Zee"]
[Date "2004.01.17"]
[Round "6"]
[White "Fressinet, Laurent"]
[Black "Lobron, Eric"]
[Result "1-0"]
[WhiteElo "2636"]
[BlackElo "2497"]
[Annotator "Ribli,Z"]
[PlyCount "105"]
[EventDate "2004.01.10"]
[EventType "tourn"]
[EventRounds "13"]
[EventCountry "NED"]
[EventCategory "13"]
[SourceTitle "CBM 099"]
[Source "ChessBase"]
[SourceDate "2004.03.30"]
[SourceVersion "1"]
[SourceVersionDate "2004.03.30"]
[SourceQuality "1"]

1. e4 c5 2. Nf3 e6 3. Nc3 Nc6 4. d4 cxd4 5. Nxd4 Qc7 6. Be3 a6 7. Bd3 {Diese
Variante wird heutzutage weniger gespielt als die Variante 7.Qd2, 8.0-0-0. Im
folgenden möchte Weiß mit kurzer Rochade fortsetzen und mit f2-f4 eine starke
Angrifsstellung aufbauen.} b5 {Dieser Zug ist typisch in der Paulsen-Variante
- Schwarz entwickelt zuerst den Damenflügel und die Figuren am Königsflügel
nur in Abhängigkeit des gegnerischen Spiels. Statt der Partiefortsetzung geht
auch 7...Nf6 und nach 8.0-0 hat Schwarz viele Möglichkeiten, z.B. 8...Nxd4, 8..
.Ne5, 8...Bd6, 8...h5 und 8...b5.} 8. Nxc6 Qxc6 9. a3 Bb7 10. O-O Nf6 {Schwarz
kann den Springer ruhig nach f6 stellen, weil e4-e5 an dem Mattmotiv auf g2
scheitert.} 11. Qe2 (11. Re1) 11... h5 {Statt dieser riskanten Fortsetzung
kann Schwarz 11...Be7 spielen mit guten Ausgleichschancen.} (11... Be7 12. f4
b4 (12... O-O 13. e5 Nd5 14. Nxd5 Qxd5 15. c4 bxc4 16. Bxc4 Qc6 17. b4 d6 {
1/2-1/2 Kotronias,V-Rublevsky,S/Istanbul TUR 2003/(26)}) 13. axb4 Bxb4 14. Ra4
a5 15. Bb5 Qc7 16. e5 Nd5 17. Nxd5 Bxd5 18. Bd3 O-O 19. c3 Be7 20. Bd4 g6 21.
Be4 {1/2-1/2 Sprenger,J-Kveinys,A/Bad Woerishofen GER 2003/(21)}) 12. h3 {
Weiß verteidigt sich gegen 12...Ng4, aber die prinzipielle Fortsetzung wäre 12.
f4, wonach Weiß mehr Chancen hat auf Eröffnungsvorteil.} (12. f4 Ng4 13. Bd2
Bc5+ 14. Kh1 Bd4 {[%csl Gd4,Gg4]} 15. a4 (15. Rae1 O-O-O $13 16. Nd1 $6 (16. a4
b4 17. Na2 Qb6 $13) 16... f5 $1 {[%cal Gb7h1] 0-1 Hracek,Z-Polgar,J/Istanbul
2000/EXT 2001/[Ribli] (26)}) 15... b4 16. Nd5 $1 Nf2+ 17. Rxf2 Bxf2 18. Qxf2
exd5 19. exd5 Qd6 20. Qd4 {1-0 Kotronias,V-Cramling,P/Catalan Bay ENG 2003/(32)
}) 12... Rc8 13. Rfd1 (13. f4 h4 $15 {Wenn der Zug h2-h3 schon gespielt ist,
muss Weiß mit der Schwächung des g3-Felds rechnen.}) (13. Bd4 $5) 13... h4 14.
Qf1 $6 {Weiß möchte 15.e5 ziehen, also verteidigt er g2, aber der Textzug
scheint unnatürlich für mich.} (14. Rac1 Bxa3 15. Nxb5 axb5 16. Bxb5 Qxe4 17.
f3 Qe5 18. bxa3 Nd5 {0-1 Jakubowski,K-Mastrovasilis,D/Halkidiki GRE 2000/(42)})
(14. Bd4 $5) 14... Bd6 {[%cal Gd6h2][%mdl 4] Schwarz verteidigt sich gegen 15.
e5 und entwickelt den Läufer auf die b8-h2-Diagonale.} (14... Bc5 $11) 15. Be2
{[%cal Ge2f3,Gf3b7]} Bb8 $15 {[%cal Gc6c7,Rb8h2] Danach muss Weiß immer mit
Qc7 - mit Mattdrohung auf h2 - rechnen.} (15... Be5 16. Rd3 $11) 16. Bf3 Qc7
17. Qd3 d5 $1 {Schwarz öffnet die Zentrumstellung, was sehr unangenehm für
Weiß ist, weil Schwarz danach starke Drohungen gegen den weißen König erhält.}
(17... Qh2+ 18. Kf1 Be5 19. Bd4 Bxd4 20. Qxd4 O-O $15) 18. exd5 Qh2+ 19. Kf1
O-O {[%cal Gf8d8,Gd8d1]} 20. Rac1 {Weiß verteidigt vorher seinen c2-Bauern.} (
20. dxe6 Bxf3 21. exf7+ Rxf7 22. gxf3 Qxh3+ 23. Ke2 Nd7 $17) 20... Rfd8 (20...
Rfe8 $1 {[%cal Ge8e1] Dieser Zug ist schwerer zu finden als 20...Rfd8, welcher
auf der Hand liegt. Im folgenden möchte Schwarz die e-Linie öffnen und
mattsetzen.}) 21. Ke2 Nxd5 22. Nxd5 Bxd5 (22... Rxd5 $5 23. Bxd5 Bxd5 $17 {
[%csl Gd5][%cal Rd5c4,Rc4e2,Rd5g2]}) 23. Bxd5 Rxd5 $17 {Schwarz hat eine sehr
aktive Stellung und der weiße König steht schlecht in der Mitte.} 24. Qe4 Rc4
25. Qf3 {Weiß muss den g2-Bauern verteidigen.} Rxd1 26. Kxd1 Bf4 $6 (26... Qc7
27. c3 (27. b3 Rc3 $17) 27... a5 $17) 27. c3 (27. Bxf4 Rxf4 28. Qa8+ Kh7 29.
Ke2 f5 $19) 27... Bxe3 28. fxe3 f5 (28... a5 29. Ke2) 29. Kc2 Qe5 30. Rd1 $132
{[%cal Gd1d8] Plötzlich bekommt Weiß gefährliches Gegenspiel - der d1R
kontrolliert die einzige offene Linie.} Qe4+ $6 (30... Rc8 31. Rd4 $36) (30...
f4 31. Rd8+ Kh7 32. exf4 Rxf4 33. Qd3+ Qf5 34. Qxf5+ Rxf5 $11) 31. Qxe4 Rxe4 {
[%mdl 4096] Wir haben ein Turmendspiel, in dem Schwarz die bessere
Bauernstruktur hat, aber sein Turm steht unglücklich auf e4.} 32. Rd8+ Kf7 33.
Kd3 {[%csl Gd8,Re4] Weiß verteidigt den e3-Bauern und es ist nicht leicht für
Schwarz seinen Turm zu befreien.} Kf6 (33... Rc4 34. Rd4 Rxd4+ 35. Kxd4 Kf6 36.
b3 $16) 34. b3 {Mit diesem Bauernzug verhindert Weiß die Möglichkeit Rc4 und
später kann Weiß mit c4 einen Freibauern bilden.} (34. Rd4 Ke5 35. Rxe4+ fxe4+
36. Kc2 Kd5 $11) 34... Re5 35. Rd6 a5 $2 (35... Rd5+ $1 36. Rxd5 exd5 37. Kd4
Ke6 38. Kc5 Ke5 39. Kb6 Ke4 40. Kxa6 Kxe3 41. Kxb5 Kf2 42. a4 Kxg2 43. a5 f4
44. a6 f3 45. a7 f2 46. a8=Q f1=Q+ 47. c4 Kxh3 48. Qxd5 $13) 36. Ra6 $14 Rd5+
37. Ke2 Re5 $6 (37... Rc5 $1 38. Rxa5 Rxc3 39. Rxb5 Rc2+ 40. Kf3 e5 41. e4 Rc3+
42. Ke2 Rc2+ 43. Kf3 $11) 38. Kf3 (38. Rxa5 f4) 38... a4 (38... b4 39. axb4
axb4 40. c4 $14) 39. bxa4 Rc5 (39... bxa4 40. Rxa4 Rc5 41. c4 g5 $14) 40. Ra5
$1 (40. axb5 Rxb5 $14) 40... Rxc3 41. axb5 $16 {Mit zwei verbundene Freibauern
am Damenflügel hat Weiß gute Gewinnchancen.} Rb3 42. a4 g5 43. Ra6 Rb4 (43...
f4 44. b6 Rxe3+ 45. Kf2 Rb3 46. a5 $16) 44. g4 $1 hxg3 (44... fxg4+ 45. hxg4 h3
46. Kg3 Rxg4+ 47. Kxh3 $16) 45. Kxg3 Ke5 46. Kf3 f4 (46... Rh4 47. b6 (47. Kg2
Rb4) 47... Rxh3+ 48. Kg2 Rh4 49. a5 (49. Ra5+ Kd6 50. Rb5 Rh8 51. b7 Kc7 52. a5
Kb8 $11) 49... Rb4 50. Ra7 Rb2+ 51. Kg3 Rb3 52. Rg7 Rxe3+ 53. Kf2 Rb3 54. b7
$18) 47. b6 Rb3 48. Ra5+ Kd6 49. Rxg5 e5 (49... Rxe3+ 50. Kxf4 Rxh3 51. a5 Kc6
52. Rg7 $18) 50. a5 $18 Rxe3+ 51. Kf2 Ra3 52. Rg6+ Kd7 53. b7 (53. b7 Kc7 (
53... Rb3 54. Rb6 $18) 54. a6 $18) 1-0

[Event "HUN-ch 54th"]
[Site "Budapest"]
[Date "2004.08.19"]
[Round "1"]
[White "Varga, Zoltan"]
[Black "Balogh, Csaba"]
[Result "1/2-1/2"]
[WhiteElo "2592"]
[BlackElo "2513"]
[Annotator "Ribli,Z"]
[PlyCount "108"]
[EventDate "2004.08.19"]
[EventType "tourn"]
[EventRounds "9"]
[EventCountry "HUN"]
[EventCategory "13"]
[SourceTitle "CBM 103"]
[Source "ChessBase"]
[SourceDate "2004.11.11"]
[SourceVersion "1"]
[SourceVersionDate "2004.11.11"]
[SourceQuality "1"]

1. e4 c5 2. Nf3 Nc6 3. d4 cxd4 4. Nxd4 e6 5. Nc3 Qc7 6. Be3 a6 7. Bd3 {
Grossmeister Varga spielt gern diese Variante, welche ein paar Jahre früher
sehr populär gewesen ist.} Nf6 8. O-O h5 {Das ist eine riskante Fortsetzung.
Schwarz kümmert sich nicht um die Schwächung des Königsflügels und strebt nach
taktischen Gegenchancen. Seine Drohung ist jetzt 9...Ng4.} 9. h3 b5 10. Qe2 (
10. a4 b4 11. Nce2 Ne5 12. f4 Nc4 13. Bxc4 Qxc4 14. Qd3 Qc7 15. e5 Nd5 16. Bf2
Bb7 17. Kh1 Rh6 {0-1 Kaps,D-Lakos,N/Ptuj SLO 2003/(42)}) (10. Nxc6) 10... Bb7
11. f4 {Interessanterweise wurde dieser logische Zug hier noch nicht gespielt.
Weiss folgt dem traditionellen Plan, er möchte e4-e5 spielen.} (11. Rad1 Rc8
12. a4 b4 13. Nb1 Nxd4 14. Bxd4 e5 15. Be3 Nxe4 16. Bxa6 Bxa6 17. Qxa6 Qc6 18.
Qxc6 Rxc6 19. Nd2 Nd6 20. Rc1 Nf5 21. Rfe1 d5 {0-1 Balazs,T-Horvath,A/Hungary
2002/EXT 2004 (53)}) (11. Rfe1 Be7 (11... Bb4 $5) 12. a3 Rc8 13. Rad1 Kf8 14.
Nxc6 Qxc6 15. f3 $14 (15. f4 Bc5 $132) 15... Bd6 16. Qf2 Qc7 {[%cal Gc7h2]} 17.
f4 Bc5 18. e5 Ne8 $6 (18... Nd5 19. Nxd5 Bxd5 20. f5 $36) 19. Be4 $1 {1-0
Short,N-Miladinovic,I/Leon 2001/CBM 86/[Ribli] (28)}) 11... Rc8 (11... Nxd4 12.
Bxd4 Bc5 13. Qf2 {Ohne die Züge 8...h5 9.h3 wäre dieser Damezug ganz schlecht
wegen Ng4.} (13. Bxc5 Qxc5+ 14. Kh1 h4 $36 {[%csl Yg3][%cal Gf6h5,Gh5g3]} (
14... b4)) 13... Bxd4 14. Qxd4 d6 15. a4 $14) (11... b4 $5 12. Na4 d5 13. e5
Ne4 $13) 12. Nb3 (12. e5 $5 Nxd4 (12... b4 13. exf6 (13. Ncb5 axb5 14. Nxb5 Qd8
15. exf6 Qxf6 16. c4 $36) 13... bxc3 14. fxg7 Bxg7 15. bxc3 Ne7 16. Rab1 $16)
13. Bxd4 Nd5 14. Nxd5 Bxd5 15. a4 $16) 12... Na5 (12... d6 $5) 13. e5 $14 {
Nach diesem Zug bekommt Weiss Raumvorteil im Zentrum, und es ist noch nicht
klar, wie Schwarz seinen Königsflügel entwickeln kann.} Nd5 (13... b4 14. Na4
Nd5 15. Bd4 $14) 14. Nxd5 Bxd5 15. Nxa5 Qxa5 16. c3 {[%cal Ga2a4][%mdl 32]
Weiss sichert mit diesem Zug den Damenflügel und bereitet 17.a4 vor.} (16. a4
bxa4 17. c3 (17. Bxa6 Rb8 18. c3 Bc5) 17... Bb3 18. Bxa6 Rb8 19. Bc4 Bc5 20.
Bxb3 Rxb3 21. Bxc5 (21. Rf2 Rxb2 22. Qxb2 Bxe3 23. Qb8+ Qd8) 21... Qxc5+ 22.
Kh2 O-O 23. Rxa4 $16) 16... Qc7 17. a4 {[%csl Ra6,Rb5] Schwarz hat Probleme
wegen seinen Schwächen am Damenflügel.} Bc5 18. axb5 axb5 19. Bxb5 $16 {
Weiss hat einen Bauern mehr, obwohl Schwarz dafür eine kleine Aktivität hat,
ist das aber klar keine ausreichende Kompensation.} Rb8 (19... Bxe3+ 20. Qxe3
Bxg2 21. Ra7 Bb7 22. Rd1 $18) (19... Bxg2 20. Kxg2 Bxe3 21. c4 Bc5 22. Rfd1 $16
) 20. Bf2 O-O {Endlich kann Schwarz rochieren.} 21. c4 Bxf2+ 22. Rxf2 Bc6 23.
Bxc6 Qxc6 24. Rd1 Rb4 (24... g6 25. Qc2 Rfc8 26. b3 $16) 25. Qxh5 Rxc4 (25...
Qc5 26. Qe2 Rfb8 27. Kh2 $18) 26. Kh2 Rc2 (26... d5 27. exd6 Rd8 28. Rfd2 (28.
Qe5 $6 Rc5 29. Qe3 Rd5 30. Rxd5 exd5 31. Qd4 Qxd6 32. Rd2 $16) 28... Rxf4 29.
Qg5 Rf6 30. b4 $18) 27. Rdd2 (27. Rxc2 Qxc2 28. Qg4 (28. Rxd7 $6 Qa4 $14 {
[%cal Ra4d7,Ra4f4]}) 28... Qxb2 29. Rxd7 $14) 27... Rxd2 28. Rxd2 Rb8 (28... f6
29. Qe2 fxe5 30. fxe5 Rf5 31. Rd6 $16) 29. Qg5 {[%csl Gg5][%cal Gg5e7]} Rb4 30.
Qd8+ Kh7 31. Rxd7 (31. Qxd7 $6 Qxd7 32. Rxd7 Rxf4 $14) 31... Rxf4 32. Rd4 Re4 (
32... Rxd4 33. Qxd4 $18 {[%csl Gb2]}) 33. b4 Qb7 (33... Kg6 $142 $5) 34. Qd6
Kg6 35. Qc5 {[%cal Rc5c2,Rc2g6]} Kf5 36. g4+ (36. Qc2 $2 Kxe5 $11) 36... Kf4
37. b5 Rxd4 38. Qxd4+ $18 {[%csl Gb5,Gd4][%mdl 4096] Mit der zentralisierten
Dame und dem b-Freibauern müsste Weiss das Endspiel leicht gewinnen.} Kf3 39.
Qd3+ (39. b6 Qc8 40. Qb2 $18) 39... Kf4 40. Qg3+ Kg5 41. Qe3+ Kg6 42. Qd3+ Kh6
43. Kg3 (43. h4 $18) 43... Qh1 44. Qe3+ g5 45. Qf2 (45. b6 $18) 45... Qb7 46.
b6 Kg7 47. Qf6+ Kh7 48. Qf3 {Diese Vereinfachung gewinnt leicht, Weiss gibt
den b6-Bauern auf, bekommt aber einige schwarze Bauern am Königsflügel.} Qxb6
49. Qxf7+ Kh6 50. Qf6+ (50. Qh5+ Kg7 51. Qxg5+ $18) 50... Kh7 51. Qxg5 $4 {
Ein unglaublicher Fehler in Gewinnstellung!} (51. Qf7+ Kh8 52. Qh5+ Kg7 53.
Qxg5+ $18) 51... Qg1+ $11 {[%csl Rg3] Nach diesem Zug kann Weiss das ewige
Schach nicht mehr vermeiden.} 52. Kf3 (52. Kh4 Qf2+ 53. Kh5 Qf7+ $11) 52...
Qf1+ 53. Ke4 Qc4+ 54. Kf3 Qf1+ 1/2-1/2